[Event "56th POL-ch"]
[Site "Polanica-Zdroj POL"]
[Date "1999.05.03"]
[Round "10"]
[White "Ehrenfeucht, Wojciech"]
[Black "Macieja, Bartlomiej"]
[Result "0-1"]
[WhiteElo "2337"]
[BlackElo "2553"]
[EventDate "1999.04.23"]
[PlyCount "104"]
[Source "Vistula"]
[SourceDate "1999.08.16"]

1.e4 c6 2.d4 d5 3.Nd2 dxe4 4.Nxe4 Bf5 5.Ng3 Bg6 6.h4 h6 7.Nf3 Nf6 8.h5 Bh7
9.Bd3 Bxd3 10.Qxd3 e6 11.Bd2 c5 12.O-O-O Nc6 13.Bc3 Qd5 14.dxc5 Qxd3 15.
Rxd3 Bxc5 16.Bxf6 gxf6 17.Ne4 Be7 18.Nd6+ Bxd6 19.Rxd6 Rg8 20.g3 Rc8 21.a3
Ke7 22.Rhd1 Rc7 23.b3 Ne5 24.Ng1 f5 25.Ne2 Ng4 26.f4 Nf2 27.R1d2 Ne4 28.
R6d3 Nxd2 29.Kxd2 b5 30.Nd4 a6 31.c3 Rd8 32.Ke3 Rd5 33.Kf3 Rcd7 34.Kf2 Kf6
35.Kf3 e5 36.fxe5+ Rxe5 37.Kf2 Rdd5 38.Rd1 f4 39.gxf4 Rxh5 40.Kg3 Rd8 41.
Kg4 Rc5 42.Rd3 Rg8+ 43.Kh4 Rg2 44.Nf3 Kf5 45.b4 Rc7 46.Kh3 Ke4 47.Ne5 Rc2 
48.Rd4+ Kf5 49.c4 bxc4 50.Ng4 Rc3+ 51.Kh4 Rd3 52.Nxh6+ Kg6 0-1

[Event "56th POL-ch"]
[Site "Polanica-Zdroj POL"]
[Date "1999.05.03"]
[Round "10"]
[White "Grabarczyk, Bogdan"]
[Black "Socko, Bartosz"]
[Result "0-1"]
[WhiteElo "2380"]
[BlackElo "2497"]
[EventDate "1999.04.23"]
[PlyCount "84"]
[Source "Vistula"]
[SourceDate "1999.08.16"]

1.e4 e6 2.d4 d5 3.e5 c5 4.c3 Nc6 5.Nf3 Qb6 6.Be2 Bd7 7.O-O f6 8.dxc5 Bxc5 
9.b4 Be7 10.Bf4 fxe5 11.Nxe5 Nxe5 12.Bxe5 Bf6 13.Bd4 Bxd4 14.Qxd4 Qxd4 15.
cxd4 Ne7 16.Nd2 a6 17.Nf3 Nc6 18.Rab1 Ke7 19.a4 Rhc8 20.Bd3 h6 21.Rfe1 Nd8
22.Ra1 Rc3 23.Ne5 Nf7 24.Nxd7 Kxd7 25.Be2 Rac8 26.h4 Nd8 27.b5 a5 28.Rad1 
Ra3 29.Bg4 Rxa4 30.Re5 Rcc4 31.f3 Kd6 32.Rde1 Rxd4 33.Bxe6 Ra1 34.Rxa1 
Kxe5 35.Bg4 a4 36.Re1+ Kd6 37.Re8 Nf7 38.b6 Kc5 39.Bd7 a3 40.Ra8 Rd3 41.
Bf5 Rc3 42.Kh2 Nd6 0-1

[Event "56th POL-ch"]
[Site "Polanica-Zdroj POL"]
[Date "1999.05.03"]
[Round "10"]
[White "Grabarczyk, Miroslaw"]
[Black "Sosnicki, Michal"]
[Result "1-0"]
[WhiteElo "2462"]
[BlackElo "2286"]
[EventDate "1999.04.23"]
[PlyCount "101"]
[Source "Vistula"]
[SourceDate "1999.08.16"]

1.d4 g6 2.c4 Bg7 3.Nf3 Nf6 4.Nc3 O-O 5.e4 d6 6.h3 e5 7.d5 Na6 8.Bd3 Nh5 9.
g3 Qe8 10.Nh4 f5 11.exf5 gxf5 12.Be2 Nf6 13.g4 Ne4 14.Nxe4 fxe4 15.Rb1 Nc5
16.b4 Nd3+ 17.Bxd3 exd3 18.Qxd3 e4 19.Qe2 Bd4 20.Be3 Bxe3 21.Qxe3 Qe7 22.
Qg3 e3 23.O-O exf2+ 24.Rxf2 Bd7 25.Nf5 Bxf5 26.gxf5+ Kh8 27.Qc3+ Rf6 28.
Re1 Rg8+ 29.Rg2 Rxg2+ 30.Kxg2 Qg7+ 31.Kh2 Qg5 32.Rf1 h6 33.Qd4 b6 34.Qg4 
Kg7 35.Rf2 Rf7 36.Kg3 Kf6 37.Re2 Rg7 38.Re6+ Kf7 39.Kf3 Kf8 40.Qxg5 Rxg5 
41.Rxh6 Rxf5+ 42.Ke4 Rf2 43.Rh7 Rxa2 44.Rxc7 Ke8 45.Kf5 Kd8 46.Rg7 Rc2 47.
h4 a5 48.bxa5 bxa5 49.h5 Rh2 50.Ke6 Rxh5 51.Kxd6 1-0

[Event "56th POL-ch"]
[Site "Polanica-Zdroj POL"]
[Date "1999.05.04"]
[Round "11"]
[White "Sosnicki, Michal"]
[Black "Staniszewski, Piotr"]
[Result "1/2-1/2"]
[WhiteElo "2286"]
[BlackElo "2454"]
[EventDate "1999.04.23"]
[PlyCount "31"]
[Source "Vistula"]
[SourceDate "1999.08.16"]

1.d4 Nf6 2.Nf3 e6 3.c4 b6 4.g3 Ba6 5.Qa4 Bb7 6.Bg2 Be7 7.O-O O-O 8.Nc3 Ne4
9.Qc2 Nxc3 10.Qxc3 c5 11.Rd1 d6 12.b3 Nc6 13.Bb2 Bf6 14.Qd2 Re8 15.Rab1 
Qe7 16.e3 1/2-1/2

[Event "56th POL-ch"]
[Site "Polanica-Zdroj POL"]
[Date "1999.05.04"]
[Round "11"]
[White "Kuczynski, Robert"]
[Black "Grabarczyk, Miroslaw"]
[Result "1/2-1/2"]
[WhiteElo "2430"]
[BlackElo "2462"]
[EventDate "1999.04.23"]
[PlyCount "24"]
[Source "Vistula"]
[SourceDate "1999.08.16"]

1.e4 e5 2.Nf3 Nc6 3.Bb5 Nf6 4.O-O Nxe4 5.d4 Be7 6.Qe2 Nd6 7.Bxc6 bxc6 8.
dxe5 Nb7 9.Nc3 O-O 10.Re1 Re8 11.Be3 d5 12.exd6 cxd6 1/2-1/2

[Event "56th POL-ch"]
[Site "Polanica-Zdroj POL"]
[Date "1999.05.04"]
[Round "11"]
[White "Gdanski, Jacek"]
[Black "Kempinski, Robert"]
[Result "0-1"]
[WhiteElo "2530"]
[BlackElo "2533"]
[EventDate "1999.04.23"]
[PlyCount "70"]
[Source "Vistula"]
[SourceDate "1999.08.16"]

1.e4 c5 2.Nf3 d6 3.d4 cxd4 4.Nxd4 Nf6 5.Nc3 a6 6.f4 e5 7.Nf3 Nbd7 8.a4 Be7
9.Bd3 exf4 10.O-O O-O 11.Kh1 Ne5 12.Bxf4 Qc7 13.Bg5 Be6 14.Nxe5 dxe5 15.
Bxf6 Bxf6 16.Rxf6 gxf6 17.Qh5 Rfd8 18.Rf1 Qb6 19.Nd5 Bxd5 20.exd5 Kf8 21.
a5 Qd6 22.c4 Ke7 23.Qh4 Rg8 24.Bxh7 Rg5 25.Qf2 Rc8 26.b3 Rh5 27.Bf5 Rch8 
28.h3 Rh4 29.Qa7 Qb4 30.Bc2 Rd4 31.c5 Kf8 32.c6 bxc6 33.dxc6 Qc3 34.Rxf6 
Qe1+ 35.Kh2 Rxh3+ 0-1

[Event "56th POL-ch"]
[Site "Polanica-Zdroj POL"]
[Date "1999.05.04"]
[Round "11"]
[White "Socko, Bartosz"]
[Black "Jakubiec, Artur"]
[Result "1-0"]
[WhiteElo "2497"]
[BlackElo "2428"]
[EventDate "1999.04.23"]
[PlyCount "119"]
[Source "Vistula"]
[SourceDate "1999.08.16"]

1.e4 c5 2.Nf3 d6 3.d4 Nf6 4.Nc3 cxd4 5.Nxd4 Bd7 6.f3 e5 7.Nb3 Bc6 8.Qe2 
Be7 9.Be3 a5 10.a4 O-O 11.O-O-O Na6 12.Qf2 Nb4 13.g4 Qe8 14.Bb5 d5 15.exd5
Bxb5 16.d6 Bd8 17.Nxb5 Qc6 18.Kb1 Nfd5 19.Bc5 Bg5 20.Rhe1 Bf4 21.Qe2 b6 
22.Bxb4 Nxb4 23.Qe4 Qd7 24.c3 Na6 25.Nd2 Nc5 26.Qc2 Qc6 27.Ne4 Ne6 28.d7 
Rfd8 29.Rd6 Qb7 30.Red1 Be3 31.Qd3 Bf4 32.h4 Nf8 33.g5 h5 34.gxh6 Bxh6 35.
Rxh6 gxh6 36.Rg1+ Kh8 37.Nf6 Ng6 38.Rxg6 fxg6 39.Nd6 Rxd7 40.Qe3 Qa7 41.
Qxh6+ Rh7 42.Qxg6 Rf8 43.Qg5 Qg7 44.Nxh7 Qxh7+ 45.Ka1 Qg7 46.Qh5+ Kg8 47.
Nc4 Rf4 48.Qe8+ Qf8 49.Qg6+ Qg7 50.Qe8+ Qf8 51.Qc6 Qc5 52.Qe6+ Kg7 53.Nxb6
Rxh4 54.Ka2 Rf4 55.Kb3 Qg1 56.Qxe5+ Rf6 57.Nd5 Qd1+ 58.Kc4 Qf1+ 59.Kc5 
Qf2+ 60.Kb5 1-0

[Event "56th POL-ch"]
[Site "Polanica-Zdroj POL"]
[Date "1999.05.04"]
[Round "11"]
[White "Macieja, Bartlomiej"]
[Black "Grabarczyk, Bogdan"]
[Result "1-0"]
[WhiteElo "2553"]
[BlackElo "2380"]
[EventDate "1999.04.23"]
[PlyCount "83"]
[Source "Vistula"]
[SourceDate "1999.08.16"]

1.e4 e6 2.d4 d5 3.Nc3 Bb4 4.e5 Ne7 5.a3 Bxc3+ 6.bxc3 b6 7.Qg4 Ng6 8.h4 h5 
9.Qd1 Ba6 10.Bxa6 Nxa6 11.Bg5 Qd7 12.Ne2 Qc6 13.f4 Nb8 14.O-O Nd7 15.Qd3 
Qc4 16.Qxc4 dxc4 17.f5 exf5 18.Rxf5 O-O 19.Raf1 Rae8 20.Ng3 f6 21.exf6 
gxf6 22.Bh6 Rf7 23.Nxh5 Re2 24.Bg5 Rxc2 25.Nxf6+ Nxf6 26.Bxf6 Rxc3 27.Rg5 
Kh7 28.Rh5+ Kg8 29.Rg5 Kh7 30.Rh5+ Kg8 31.Rh6 Rg7 32.h5 Ne7 33.Bxg7 Kxg7 
34.Re6 Nd5 35.Rg6+ Kh8 36.Rf8+ Kh7 37.Rf7+ Kh8 38.Rf8+ Kh7 39.Rf7+ Kh8 40.
Rd7 Rc1+ 41.Kh2 Ne3 42.Re6 1-0

[Event "56th POL-ch"]
[Site "Polanica-Zdroj POL"]
[Date "1999.05.04"]
[Round "11"]
[White "Pinski, Jan"]
[Black "Ehrenfeucht, Wojciech"]
[Result "1-0"]
[WhiteElo "2346"]
[BlackElo "2337"]
[EventDate "1999.04.23"]
[PlyCount "47"]
[Source "Vistula"]
[SourceDate "1999.08.16"]

1.e4 c5 2.c3 d5 3.exd5 Qxd5 4.d4 Nf6 5.Nf3 e6 6.Be3 cxd4 7.cxd4 Nc6 8.Nc3 
Qd6 9.a3 Be7 10.Bd3 O-O 11.Qc2 Rd8 12.O-O Bd7 13.Rad1 Rac8 14.Bg5 h6 15.
Bh4 Nh5 16.d5 Ne5 17.Bh7+ Kf8 18.Bxe7+ Kxe7 19.dxe6 Nxf3+ 20.gxf3 Qxe6 21.
Rfe1 g6 22.Bxg6 Rg8 23.Rxd7+ Kxd7 24.Rxe6 1-0

[Event "56th POL-ch"]
[Site "Polanica-Zdroj POL"]
[Date "1999.05.05"]
[Round "12"]
[White "Staniszewski, Piotr"]
[Black "Ehrenfeucht, Wojciech"]
[Result "1/2-1/2"]
[WhiteElo "2454"]
[BlackElo "2337"]
[EventDate "1999.04.23"]
[PlyCount "97"]
[Source "Vistula"]
[SourceDate "1999.08.16"]

1.d4 Nf6 2.c4 c5 3.d5 b5 4.Nf3 d6 5.Qc2 Na6 6.a3 Qa5+ 7.Nbd2 bxc4 8.e4 Nb4
9.Qxc4 Ba6 10.Qc3 Nd3+ 11.Qxd3 Bxd3 12.Bxd3 g6 13.O-O Bg7 14.Rb1 O-O 15.
Nc4 Qc7 16.Bd2 a5 17.a4 e6 18.dxe6 fxe6 19.e5 dxe5 20.Nfxe5 Nd5 21.Rfe1 
Nb4 22.Bxb4 axb4 23.b3 Rad8 24.Re3 Rd5 25.Rbe1 Rfd8 26.Bf1 Rd1 27.g3 Bh6 
28.R3e2 Rxe1 29.Rxe1 Bd2 30.Nxd2 Rxd2 31.Bc4 Qd6 32.Nf3 Rd1 33.Rxd1 Qxd1+ 
34.Kg2 Kf7 35.Ng5+ Ke7 36.Nxe6 Kd6 37.a5 Qe1 38.a6 Qe4+ 39.Kg1 h6 40.h4 
Qe5 41.Kg2 Kc6 42.Nf4 g5 43.hxg5 hxg5 44.Nd5 Qa1 45.Ne3 Kd6 46.Nf5+ Ke5 
47.Ne7 Kd6 48.Nf5+ Ke5 49.Ne7 1/2-1/2

[Event "56th POL-ch"]
[Site "Polanica-Zdroj POL"]
[Date "1999.05.05"]
[Round "12"]
[White "Grabarczyk, Bogdan"]
[Black "Pinski, Jan"]
[Result "0-1"]
[WhiteElo "2380"]
[BlackElo "2346"]
[EventDate "1999.04.23"]
[PlyCount "48"]
[Source "Vistula"]
[SourceDate "1999.08.16"]

1.e4 e5 2.f4 exf4 3.Bc4 Nf6 4.Nc3 c6 5.Bb3 d5 6.exd5 Nxd5 7.Nxd5 cxd5 8.
Qf3 Qh4+ 9.Qf2 Qxf2+ 10.Kxf2 Bc5+ 11.Kf3 Nc6 12.Ne2 g5 13.Ba4 Bd7 14.Bxc6 
bxc6 15.h4 f6 16.d4 Bd6 17.hxg5 fxg5 18.g4 Kf7 19.Bd2 Kg7 20.c4 dxc4 21.
Bc3 Kg6 22.Rh5 Rhe8 23.Rah1 Re3+ 24.Kf2 Rxe2+ 0-1

[Event "56th POL-ch"]
[Site "Polanica-Zdroj POL"]
[Date "1999.05.05"]
[Round "12"]
[White "Jakubiec, Artur"]
[Black "Macieja, Bartlomiej"]
[Result "1/2-1/2"]
[WhiteElo "2428"]
[BlackElo "2553"]
[EventDate "1999.04.23"]
[PlyCount "137"]
[Source "Vistula"]
[SourceDate "1999.08.16"]

1.e4 c5 2.g3 g6 3.Bg2 Bg7 4.Ne2 Nc6 5.c3 e5 6.O-O Nge7 7.f4 d6 8.d3 O-O 9.
Be3 Be6 10.Nd2 Qd7 11.Nf3 Bg4 12.Kh1 Rad8 13.Rb1 b6 14.c4 a5 15.a3 Nd4 16.
Nc3 f5 17.Qd2 exf4 18.gxf4 Nxf3 19.Bxf3 Bxf3+ 20.Rxf3 Rde8 21.Qg2 fxe4 22.
dxe4 Qe6 23.Rg3 Bxc3 24.bxc3 Nc8 25.f5 Qxe4 26.Qxe4 Rxe4 27.fxg6 hxg6 28.
Rxg6+ Kf7 29.Rg3 Rxc4 30.Bh6 Rh8 31.Bg5 Ke6 32.Kg2 Kd7 33.h4 Ra4 34.Bf6 
Rh7 35.Rh1 Ne7 36.Bxe7 Kxe7 37.h5 Rxa3 38.h6 Ra2+ 39.Kf3 Rc2 40.Ke4 Re2+ 
41.Kd5 Kd7 42.Rg6 Rd2+ 43.Ke4 Kc6 44.Ke3 Rd5 45.Kf4 Rd2 46.Ke3 Rd5 47.Kf4 
Re5 48.Rg7 Rh8 49.h7 Ree8 50.c4 Rhf8+ 51.Kg3 Ra8 52.Re1 b5 53.cxb5+ Kxb5 
54.Rb1+ Kc6 55.Rgb7 a4 56.R7b6+ Kc7 57.Rb7+ Kc6 58.R7b6+ Kd7 59.Rd1 Rf6 
60.Kg4 Rh8 61.Kg5 Re6 62.Ra6 Kc7 63.Rxa4 Kc6 64.Ra7 c4 65.Rc1 d5 66.Ra6+ 
Kd7 67.Ra7+ Kc6 68.Ra6+ Kd7 69.Ra7+ 1/2-1/2

[Event "56th POL-ch"]
[Site "Polanica-Zdroj POL"]
[Date "1999.05.05"]
[Round "12"]
[White "Urban, Klaudiusz"]
[Black "Socko, Bartosz"]
[Result "0-1"]
[WhiteElo "2444"]
[BlackElo "2497"]
[EventDate "1999.04.23"]
[PlyCount "76"]
[Source "Vistula"]
[SourceDate "1999.08.16"]

1.d4 Nf6 2.Nf3 g6 3.g3 Bg7 4.Bg2 O-O 5.O-O d6 6.Re1 Nbd7 7.e4 e5 8.Nc3 Re8
9.h3 c6 10.a4 Qc7 11.Be3 b6 12.d5 cxd5 13.exd5 a6 14.Nd2 Bb7 15.Nb3 Rac8 
16.Re2 h5 17.Qd2 Nh7 18.Bh6 Bh8 19.Ne4 f5 20.Ng5 Nxg5 21.Bxg5 Nf6 22.Rd1 
Qc4 23.Be3 Nd7 24.a5 b5 25.Nc1 e4 26.b3 Qc3 27.Qxc3 Bxc3 28.Bd2 Be5 29.Bb4
Nf6 30.Red2 Nxd5 31.Rxd5 Bxd5 32.Rxd5 Rxc2 33.Bd2 Rec8 34.Ne2 R8c5 35.Rxc5
dxc5 36.Bf4 Bxf4 37.Nxf4 c4 38.bxc4 b4 0-1

[Event "56th POL-ch"]
[Site "Polanica-Zdroj POL"]
[Date "1999.05.05"]
[Round "12"]
[White "Kempinski, Robert"]
[Black "Markowski, Tomasz"]
[Result "1-0"]
[WhiteElo "2533"]
[BlackElo "2549"]
[EventDate "1999.04.23"]
[PlyCount "71"]
[Source "Vistula"]
[SourceDate "1999.08.16"]

1.d4 d5 2.c4 e6 3.Nc3 c6 4.e3 Bd6 5.Bd2 f5 6.g4 Nh6 7.h3 O-O 8.Qc2 Qe7 9.
O-O-O dxc4 10.Bxc4 b5 11.Be2 Bb7 12.Nf3 Nd7 13.e4 b4 14.Na4 fxe4 15.Qxe4 
Nf7 16.g5 Rab8 17.g6 c5 18.gxf7+ Qxf7 19.Qe3 Bxf3 20.Bxf3 Qxf3 21.Qxe6+ 
Qf7 22.Qxd6 Qxa2 23.Qxd7 Rfd8 24.Qf5 cxd4 25.Rhg1 Qa1+ 26.Kc2 Qxa4+ 27.Kb1
Rb7 28.Bg5 Rf7 29.Qe4 d3 30.Rc1 Re8 31.Qc4 Re5 32.Qxd3 Rxf2 33.Rc8+ Re8 
34.Qc4+ Kh8 35.Re1 Ref8 36.Be7 1-0

[Event "56th POL-ch"]
[Site "Polanica-Zdroj POL"]
[Date "1999.05.05"]
[Round "12"]
[White "Grabarczyk, Miroslaw"]
[Black "Gdanski, Jacek"]
[Result "1/2-1/2"]
[WhiteElo "2462"]
[BlackElo "2530"]
[EventDate "1999.04.23"]
[PlyCount "60"]
[Source "Vistula"]
[SourceDate "1999.08.16"]

1.d4 g6 2.c4 Bg7 3.Nf3 Nf6 4.g3 c5 5.Bg2 Qa5+ 6.Bd2 Qb6 7.dxc5 Qxc5 8.Qb3 
d6 9.Nc3 O-O 10.O-O Nbd7 11.Rac1 Qh5 12.Bg5 h6 13.Bxf6 Nxf6 14.Nd5 Nxd5 
15.cxd5 e6 16.Rfd1 Rb8 17.Rc7 exd5 18.Rxd5 Be6 19.Rxh5 Bxb3 20.Ra5 Be6 21.
Rxa7 Bxb2 22.Rcxb7 Rxb7 23.Rxb7 Bf6 24.Rb6 Rc8 25.Nd2 Rc1+ 26.Nf1 d5 27.
Bxd5 Bxd5 28.Rxf6 Bxa2 29.Rd6 Re1 30.Rd4 Rxe2 1/2-1/2

[Event "56th POL-ch"]
[Site "Polanica-Zdroj POL"]
[Date "1999.05.05"]
[Round "12"]
[White "Sosnicki, Michal"]
[Black "Kuczynski, Robert"]
[Result "1/2-1/2"]
[WhiteElo "2286"]
[BlackElo "2430"]
[EventDate "1999.04.23"]
[PlyCount "115"]
[Source "Vistula"]
[SourceDate "1999.08.16"]

1.d4 Nf6 2.c4 e6 3.Nf3 d5 4.Bg5 c6 5.Qb3 h6 6.Bxf6 Qxf6 7.Nbd2 a5 8.g3 Bb4
9.Rd1 O-O 10.Bg2 Nd7 11.O-O Bxd2 12.Rxd2 dxc4 13.Qxc4 e5 14.e4 exd4 15.
Nxd4 Qg5 16.f4 Qc5 17.Qxc5 Nxc5 18.Rc1 Na6 19.Bf3 g6 20.Kf2 h5 21.a3 Kg7 
22.h4 Re8 23.Nb3 a4 24.Na5 Nc7 25.Nc4 Be6 26.Nd6 Reb8 27.f5 Bb3 28.fxg6 
fxg6 29.Nf5+ Kf6 30.Rd7 Nb5 31.Nd4 Nxd4 32.Rxd4 Rd8 33.Rxd8 Rxd8 34.Ke3 
Rd6 35.Rc5 Ke6 36.Be2 Ke7 37.Bd3 Rd7 38.Rg5 Kf7 39.e5 Rxd3+ 40.Kxd3 Be6 
41.Ke4 c5 42.g4 hxg4 43.Kf4 b5 44.h5 gxh5 45.Rxh5 Kg6 46.Rh8 g3 47.Kxg3 
Kf5 48.Rb8 Bc4 49.Rc8 Kxe5 50.Rxc5+ Kd4 51.Rh5 Ke3 52.Rh2 Be6 53.Rc2 Bf5 
54.Rc3+ Kd2 55.Kf4 Bc2 56.Rc5 Kc1 57.Rxb5 Bb3 58.Ra5 1/2-1/2

[Event "56th POL-ch"]
[Site "Polanica-Zdroj POL"]
[Date "1999.05.06"]
[Round "13"]
[White "Kuczynski, Robert"]
[Black "Staniszewski, Piotr"]
[Result "1/2-1/2"]
[WhiteElo "2430"]
[BlackElo "2454"]
[EventDate "1999.04.23"]
[PlyCount "49"]
[Source "Vistula"]
[SourceDate "1999.08.16"]

1.e4 c5 2.Nf3 d6 3.d4 cxd4 4.Nxd4 Nf6 5.Nc3 a6 6.Be2 e5 7.Nb3 Be7 8.O-O 
O-O 9.Kh1 Be6 10.f4 exf4 11.Bxf4 Nc6 12.Qd2 Qc7 13.a4 Rad8 14.a5 Rfe8 15.
Nd5 Bxd5 16.exd5 Ne5 17.c4 Rc8 18.Rac1 Bf8 19.Be3 Ne4 20.Qc2 Nc5 21.Bd2 
Nxb3 22.Qxb3 g6 23.Qg3 Bg7 24.b4 Qd7 25.Qb3 1/2-1/2

[Event "56th POL-ch"]
[Site "Polanica-Zdroj POL"]
[Date "1999.05.06"]
[Round "13"]
[White "Gdanski, Jacek"]
[Black "Sosnicki, Michal"]
[Result "1/2-1/2"]
[WhiteElo "2530"]
[BlackElo "2286"]
[EventDate "1999.04.23"]
[PlyCount "48"]
[Source "Vistula"]
[SourceDate "1999.08.16"]

1.Nf3 Nf6 2.d4 e6 3.g3 d5 4.Bg2 Be7 5.O-O O-O 6.c4 dxc4 7.Qc2 a6 8.Qxc4 b5
9.Qc2 Bb7 10.Bf4 Bd6 11.Nbd2 Nbd7 12.a3 Qe7 13.Bxd6 cxd6 14.Qc7 Rab8 15.
Rfc1 Rfc8 16.Qa5 Nf8 17.e3 Qd7 18.Nb3 Bd5 19.Qb4 Rxc1+ 20.Rxc1 Rc8 21.Rxc8
Qxc8 22.Nfd2 Bxg2 23.Kxg2 Qc6+ 24.Kg1 N8d7 1/2-1/2

[Event "56th POL-ch"]
[Site "Polanica-Zdroj POL"]
[Date "1999.05.06"]
[Round "13"]
[White "Socko, Bartosz"]
[Black "Kempinski, Robert"]
[Result "1/2-1/2"]
[WhiteElo "2497"]
[BlackElo "2533"]
[EventDate "1999.04.23"]
[PlyCount "23"]
[Source "Vistula"]
[SourceDate "1999.08.16"]

1.g3 Nf6 2.Bg2 d5 3.Nf3 g6 4.O-O Bg7 5.d3 O-O 6.Nbd2 c5 7.e4 Nc6 8.exd5 
Nxd5 9.Re1 Rb8 10.a3 h6 11.Rb1 Re8 12.Ne4 1/2-1/2

[Event "56th POL-ch"]
[Site "Polanica-Zdroj POL"]
[Date "1999.05.06"]
[Round "13"]
[White "Macieja, Bartlomiej"]
[Black "Urban, Klaudiusz"]
[Result "1-0"]
[WhiteElo "2553"]
[BlackElo "2444"]
[EventDate "1999.04.23"]
[PlyCount "75"]
[Source "Vistula"]
[SourceDate "1999.08.16"]

1.e4 g6 2.d4 Bg7 3.Nf3 d6 4.Bc4 Nc6 5.O-O Nf6 6.Nbd2 O-O 7.c3 Bg4 8.Re1 e5
9.h3 Bxf3 10.Nxf3 exd4 11.Nxd4 Nxe4 12.Rxe4 d5 13.Bg5 Qxg5 14.Nf3 Qf6 15.
Qxd5 a6 16.Qd7 Rac8 17.Rae1 Qd8 18.Bxf7+ Kh8 19.Be6 Rb8 20.h4 Qxd7 21.Bxd7
Na7 22.Ng5 Bf6 23.Re7 Bxg5 24.hxg5 Rbd8 25.f3 b6 26.R1e4 Rg8 27.Ba4 Nc8 
28.Rxc7 Rg7 29.Rec4 Ne7 30.Bb3 Nf5 31.Rc8 Rd7 32.R4c7 Rd2 33.g4 Nh4 34.
Rxd8+ Rxd8 35.Kf2 h6 36.gxh6 g5 37.Rc6 Rd3 38.Rc8+ 1-0

[Event "56th POL-ch"]
[Site "Polanica-Zdroj POL"]
[Date "1999.05.06"]
[Round "13"]
[White "Ehrenfeucht, Wojciech"]
[Black "Grabarczyk, Bogdan"]
[Result "0-1"]
[WhiteElo "2337"]
[BlackElo "2380"]
[EventDate "1999.04.23"]
[PlyCount "120"]
[Source "Vistula"]
[SourceDate "1999.08.16"]

1.e4 c5 2.c3 d5 3.exd5 Qxd5 4.d4 g6 5.Nf3 Bg7 6.Be2 cxd4 7.cxd4 Nh6 8.Nc3 
Qd8 9.O-O O-O 10.Bf4 Bg4 11.Qb3 Qb6 12.Qxb6 axb6 13.Nd5 Nf5 14.Nxb6 Ra7 
15.d5 Bxf3 16.Bxf3 Bxb2 17.Rab1 Rxa2 18.d6 e6 19.d7 Bf6 20.Bxb7 e5 21.Bc1 
Rd8 22.Bc8 Be7 23.Bb2 f6 24.Rfc1 Ra7 25.Ra1 Rxa1 26.Bxa1 Kf7 27.Kf1 Bb4 
28.Rb1 Bc5 29.Na4 Bd6 30.Rb7 Nc6 31.Bc3 Nfe7 32.Nb6 Ke6 33.Nc4 Nxc8 34.
dxc8=Q+ Rxc8 35.Nxd6 Kxd6 36.Rxh7 Nd4 37.Bxd4 exd4 38.Rh6 d3 39.Ke1 Rc2 
40.Rxg6 Re2+ 41.Kf1 Kc5 42.Rg8 Kc4 43.f3 Kc3 44.Rc8+ Kd2 45.Rc6 f5 46.Rc5 
f4 47.Rc4 Re1+ 48.Kf2 Rc1 49.Rxf4 Kc3 50.Rf8 d2 51.Rc8+ Kb4 52.Rd8 d1=Q 
53.Rxd1 Rxd1 54.h4 Kc5 55.Kg3 Rg1 56.Kh2 Rf1 57.Kg3 Kd6 58.Kf4 Ke6 59.g4 
Kf6 60.h5 Rg1 0-1